Arboles de uso múltiple

Bibliographic Details
Main Author: Gagnon, Daniel
Format: Section = Libro
Language:Undetermined
Spanish
Published: Nicaragua [s.e.] [s.f.]
Subjects:
LEADER 00405nam a2200169Ia 4500
008 240830s9999 xx 000 0 und d
040 |a B-ESTELÍ- RUACS / 582.16 G135 
041 |a spa 
082 |a 582.16 G135 
100 1 |a Gagnon, Daniel 
245 1 0 |a Arboles de uso múltiple 
260 |a Nicaragua  |b [s.e.]  |c [s.f.] 
300 |a 109 p. 
650 7 |a ARBOLES 
942 |c BK  |2 ddc 
991 |a TEXTO 
999 |c 11110